Les décisions de justice: étude psychologique et judiciaire

Uloženo v:
Podrobná bibliografie
Hlavní autor: Gorphe, Francois (Autor)
Médium: Kniha
Jazyk:francouzština
Vydáno: París Sirey 1952
Témata:
Tagy: Přidat tag
Žádné tagy, Buďte první, kdo vytvoří štítek k tomuto záznamu!

MARC

LEADER 00000nam a2200000 a 4500
001 UCR0135
003 CL-VaPUC
008 971129e19520000FR |||||||||||||||||fre|d
082 0 4 |a 345.075  |b GOR  |2 21 
100 0 |a Gorphe, Francois  |e author  |9 254853 
245 1 4 |a Les décisions de justice: étude psychologique et judiciaire 
300 |a 191 p 
942 |c BK 
945 |d 19971129 00:00:00  |a cmena 
260 |a París  |b Sirey  |c 1952 
650 0 |a Criminología  |9 256168 
650 0 |a Justicia   |9 255408 
650 0 |a Psicología aplicada   |9 270762 
650 0 |a Lógica  |9 256849 
650 7 |a PSICOLOGIA CRIMINAL  |2 CL-VaPUC  |9 256274 
650 0 |a Jurisprudencia  |9 255952 
583 |a last modification  |c 19971129 00:00:00  |k Rodrigo Vera 
999 |c 263787  |d 263785 
952 |0 0  |1 0  |4 0  |6 345_075000000000000_GOR_1952  |7 0  |8 DER_TF  |9 293259  |a BIBDER  |b BIBDER  |d 2019-11-19  |i 190762K  |o 345.075 GOR 1952  |p 190762K  |r 2023-01-25  |w 2019-11-19  |x Ubicación 4to Piso  |y BK  |z Estos recursos deben solicitarse con anticipación  |k DER